| 000 | 03112nam a22003617a 4500 | ||
|---|---|---|---|
| 005 | 20081021100252.0 | ||
| 008 | 081021t xxu||||| |||| 00| 0 hin d | ||
| 010 | _aHIN-84476 B-326440-446 | ||
| 020 |
_a9788171246250 _c250.00 |
||
| 035 | _aHN-56822 | ||
| 035 | _a B-326440-446 | ||
| 037 | _bDBAD / PUB | ||
| 040 |
_aDPL _bHN |
||
| 082 | _a306.0954 | ||
| 100 | _aदीक्षित, हृदयनारायण | ||
| 245 |
_aभारतीय संस्कृति की भूमिका / _cहृदयनारायण दीक्षित |
||
| 246 |
_aBhartiya sanskriti kii bhumikaa _bby Hridyanarayan Dikshit |
||
| 260 |
_aवाराणसी _bविश्वविद्यालय प्रकाशन _c2008 |
||
| 270 |
_aपो. बा. 1149, विसालाक्षी भवन, चौक _bवाराणसी _e221001 _k0542 2413741 _msales@vvpbooks.com |
||
| 300 |
_a219पृ _c22सेमी (सजिल्द) |
||
| 651 |
_aभारत _xसभ्यता |
||
| 651 |
_aIndia _xCivilization |
||
| 942 |
_2ddc _cHN _mदीक्षित _h306.0954 |
||
| 999 |
_c16949 _d16949 |
||